<?xml version="1.0" encoding="UTF-8"?>
<marc:record xmlns:marc="http://www.loc.gov/MARC21/slim">
   <marc:leader>00000nam a2200000 a 4500</marc:leader>
   <marc:datafield ind1="1" ind2=" " tag="100">
      <marc:subfield code="a">Bering, Kunibert</marc:subfield>
      <marc:subfield code="4">aut</marc:subfield>
      <marc:subfield code="e">Verfasser/-in</marc:subfield>
   </marc:datafield>
   <marc:datafield ind1=" " ind2=" " tag="653">
      <marc:subfield code="a">Kunstpädagogik</marc:subfield>
   </marc:datafield>
   <marc:datafield ind1=" " ind2=" " tag="653">
      <marc:subfield code="a">Kunstunterricht</marc:subfield>
   </marc:datafield>
   <marc:datafield ind1=" " ind2=" " tag="653">
      <marc:subfield code="a">Kunstgeschichte</marc:subfield>
   </marc:datafield>
   <marc:datafield ind1=" " ind2=" " tag="653">
      <marc:subfield code="a">Kunstdidaktik</marc:subfield>
   </marc:datafield>
   <marc:datafield ind1=" " ind2=" " tag="653">
      <marc:subfield code="a">Softcover / Kunst/Kunstgeschichte</marc:subfield>
   </marc:datafield>
   <marc:datafield ind1="0" ind2="0" tag="245">
      <marc:subfield code="a">Horizonte der Bild-/Kunst-Geschichte mit kunstpädagogischem Blick</marc:subfield>
   </marc:datafield>
   <marc:datafield ind1="0" ind2="0" tag="245">
      <marc:subfield code="c">Kunibert Bering, Rolf Niehoff</marc:subfield>
   </marc:datafield>
   <marc:datafield ind1=" " ind2="1" tag="264">
      <marc:subfield code="a">Oberhausen</marc:subfield>
      <marc:subfield code="b">Athena</marc:subfield>
      <marc:subfield code="c">2018</marc:subfield>
   </marc:datafield>
   <marc:datafield ind1="1" ind2=" " tag="490">
      <marc:subfield code="a">Artificium</marc:subfield>
      <marc:subfield code="v">Band 61</marc:subfield>
   </marc:datafield>
   <marc:datafield ind1=" " ind2=" " tag="250">
      <marc:subfield code="a">1. Auflage</marc:subfield>
   </marc:datafield>
   <marc:datafield ind1="1" ind2=" " tag="520">
      <marc:subfield code="a">Angaben aus der Verlagsmeldung

Horizonte der Bild-/Kunstgeschichte mit kunstpädagogischem Blick : Band 1 / von Kunibert Bering, Rolf Niehoff

Die Kunstdidaktik diskutiert in jüngster Zeit verstärkt die Einbeziehung der Geschichtlichkeit von Bildern in den schulischen Kunstunterricht. Ausgehend von den Bildern der Gegenwart, die das Bild der Heranwachsenden von der Welt entscheidend prägen, fragen die beiden Bände der »Horizonte der Bild-/Kunst-Geschichte mit kunstpädagogischem Blick« nach Strukturen einer bildbezogenen Historizität. Dazu werden Fragen nach den Beziehungen von Bildgeschichte, Kunstgeschichte und Kunstpädagogik in ihrer Relevanz für die Schülerinnen und Schüler ins Zentrum der Überlegungen gerückt.
Leitende Intention der Bände ist es, einen umfassenden, fundierten Rahmen darzulegen, der unterrichtsbezogene Entscheidungen für den geschichtlich orientierten, rezeptiven Umgang mit Bildern grundiert. Daher konzentrieren sich die vorgestellten Beispiele und Zusammenhänge auf das kunstpädagogische Handlungsfeld der Rezeption, das die Wahrnehmung, Analyse und Deutung von Bildern umfasst.
Angesichts der gegenwärtigen drängenden Probleme infolge von Globalisierung und Migration reichen konventionelle kunsthistorische Modelle oft nicht aus: Die vorliegenden Bände entwickeln innovative Konzepte für den kunstpädagogischen Umgang mit der Transkulturalität der Bilder und ihrer historischen Dimensionen – der Blick öffnet sich über verengte, oft eurozentristische Positionen hinaus.
</marc:subfield>
   </marc:datafield>
   <marc:datafield ind1=" " ind2=" " tag="020">
      <marc:subfield code="a">9783745510201</marc:subfield>
      <marc:subfield code="9">9783745510201</marc:subfield>
   </marc:datafield>
   <marc:datafield ind1=" " ind2=" " tag="020">
      <marc:subfield code="a">3745510208</marc:subfield>
      <marc:subfield code="9">3745510208</marc:subfield>
   </marc:datafield>
   <marc:datafield ind1=" " ind2=" " tag="041">
      <marc:subfield code="a">ger</marc:subfield>
   </marc:datafield>
   <marc:datafield ind1=" " ind2=" " tag="300">
      <marc:subfield code="a">342 Seiten</marc:subfield>
   </marc:datafield>
</marc:record>
